[Event "St Petersburg op"]
[Site "St Petersburg"]
[Date "1993.??.??"]
[Round "?"]
[White "Poluljahov, Aleksandr"]
[Black "Najer, Evgeniy"]
[Result "1-0"]
[WhiteElo "2505"]
[BlackElo "2310"]

1.Nf3 d5 2.g3 g6 3.Bg2 Bg7 4.d4 c5 5.dxc5 Na6 6.c4 Nf6 7.Nc3 Qa5 8.cxd5 Ne4
9.Bd2 Nxc3 10.bxc3 Nxc5 11.Nd4 O-O 12.O-O Qa6 13.e4 Qc4 14.Re1 Bxd4 15.cxd4 Qxd4
16.Be3 Qxd1 17.Rexd1 b6 18.Bxc5 bxc5 19.Rac1 Bg4 20.f3 Bd7 21.Rxc5 Rfc8 22.Rdc1 Rxc5
23.Rxc5 Rc8 24.Rxc8+ Bxc8 25.f4 f6 26.e5 Kf7 27.Kf2 h6 28.Ke3 g5 29.Kd4 gxf4
30.gxf4 fxe5+ 31.fxe5 Ke8 32.Kc5 Bd7 33.Bf1 Kd8 34.Bb5 Bh3 35.a4 Kc7 36.Be2 Bf5
37.a5 Bd7 38.Bf1 Bf5 39.Ba6 Bh3 40.Bd3 Bd7 41.Bc4 Bh3 42.d6+ exd6+ 43.exd6+ Kd7
44.Bb5+ Kd8 45.Kd5 h5 46.Ke5 h4 47.Bd3 Kd7 48.Bf5+ Bxf5 49.Kxf5 Kxd6 50.Kg4 Ke5
51.Kxh4 Kf4 52.Kh5 Kf5 53.a6  1-0

[Event "St Petersburg op"]
[Site "St Petersburg"]
[Date "1993.??.??"]
[Round "?"]
[White "Tosic, Miroslav"]
[Black "Smagin, Sergey"]
[Result "1/2-1/2"]
[WhiteElo "2465"]
[BlackElo "2550"]

1.Nf3 d5 2.g3 c6 3.Bg2 Bg4 4.O-O Nd7 5.d4 e6 6.b3 Bd6 7.Bb2 h5 8.Nbd2 h4
9.e4 hxg3 10.hxg3 Bb4 11.c3 Ba5 12.b4 Bc7 13.c4 Ngf6 14.Qe2 Qe7 15.b5 dxe4
16.bxc6 exf3 17.cxd7+ Nxd7 18.Bxf3 Bxf3 19.Qxf3 Qf6 20.Kg2 O-O-O 21.Rh1 Qxf3+
22.Kxf3 Ne5+ 23.Ke2 Nc6 24.Rxh8 Rxh8 25.d5 exd5 26.cxd5 Re8+ 27.Kf1 Nb4 28.Bxg7 Nxd5
29.Rc1  1/2-1/2

[Event "St Petersburg op"]
[Site "St Petersburg"]
[Date "1993.??.??"]
[Round "?"]
[White "Bukhman, Eduard"]
[Black "Tunik, Gennady"]
[Result "1/2-1/2"]
[WhiteElo "2390"]
[BlackElo "2490"]

1.g3 d5 2.Nf3 c6 3.Bg2 Bg4 4.d3 Nd7 5.Nbd2 e5 6.h3 Be6 7.e4 d4 8.h4 h6 9.h5 Be7
10.Nh4 Bxh4 11.Rxh4 Ne7 12.Bh3 Bxh3 13.Rxh3 Nc5 14.Qg4 O-O 15.Nb3 f5 16.exf5 Nxf5
17.Nxc5 Qd5 18.Bd2 Qxc5 19.O-O-O Qd5 20.Kb1 Rae8 21.Re1 Re6 22.Qe4 Qxe4 23.Rxe4 Nd6
24.Re2 Rf3 25.Rh1 Kf7 26.Rhe1 Kf6 27.a4 c5 28.Bf4 Nf7 29.Bd2 b6 30.b3 Ke7
31.Rh1 a6 32.Rh4 Nd6 33.Kc1 b5 34.axb5 axb5 35.Rg4 Kf7 36.Ba5 Rf5 37.Rh4 Ne8
38.Bd2 Nf6 39.g4 Rf3 40.g5 hxg5 41.Bxg5 Rf5 42.Bxf6 Rexf6 43.Rhe4 Re6 44.f4 b4
45.Rxe5 Rexe5 46.fxe5 Rxh5 47.e6+ Ke7 48.Kd2 Rf5 49.Re4 g5 50.Kd1 Rf1+ 51.Kd2 Rf2+
52.Kd1 Rg2 53.Re5 g4 54.Rxc5 Kxe6 55.Ke1 Kd6 56.Rg5 g3 57.Rg4 Ke5 58.Re4+ Kd5
59.Rg4 Ke5 60.Re4+ Kf5 61.Rxd4 Rxc2 62.Kf1 Rf2+ 63.Kg1 Rf4 64.Rc4 Ke5 65.Kg2 Rd4
66.Kh3  1/2-1/2

[Event "St Petersburg op"]
[Site "St Petersburg"]
[Date "1993.??.??"]
[Round "?"]
[White "Kochyev, Alexander"]
[Black "Gavrilov, Alexei"]
[Result "1-0"]
[WhiteElo "2475"]
[BlackElo "2415"]

1.Nf3 d5 2.g3 c6 3.Bg2 Bg4 4.c4 e6 5.O-O Nd7 6.cxd5 exd5 7.Nc3 Bc5 8.d4 Be7
9.h3 Bxf3 10.Bxf3 Ngf6 11.Rb1 a5 12.a3 O-O 13.Qc2 Nb6 14.b4 Nc4 15.bxa5 Qd7
16.a4 Rxa5 17.Kg2 Rfa8 18.Rd1 g6 19.Rb3 Kg7 20.h4 h5 21.Bg5 Nd6 22.Bf4 Nfe8
23.Be5+ Bf6 24.Rb4 Qe7 25.Bxd6 Nxd6 26.Rdb1 R5a7 27.e3 Nf5 28.Qd3 Re8 29.Bd1 Nd6
30.Ne2 g5 31.hxg5 Bxg5 32.Nf4 Bxf4 33.gxf4 Rg8 34.Bf3 f5 35.Kf1 Kh6 36.Qc2 Ne4
37.Qb3 Qh4 38.Bxe4 fxe4 39.Rxb7 Qh1+ 40.Ke2  1-0

[Event "St Petersburg zt"]
[Site "St Petersburg"]
[Date "1993.??.??"]
[Round "2"]
[White "Pigusov, Evgeny"]
[Black "Gleizerov, Evgeny"]
[Result "1/2-1/2"]
[WhiteElo "2575"]
[BlackElo "2555"]

1.Nf3 d5 2.g3 g6 3.Bg2 Bg7 4.d4 e6 5.O-O Ne7 6.Nbd2 Nbc6 7.c3 f5 8.b4 a6
9.a4 O-O 10.Qb3 h6 11.Bb2 g5 12.b5 Na5 13.Qc2 c6 14.bxc6 b5 15.axb5 axb5
16.Ba3 Rf7 17.Bxe7 Rxe7 18.Rfb1 Rb8 19.Ne1 Nxc6 20.Nd3  1/2-1/2

[Event "St Petersburg zt"]
[Site "St Petersburg"]
[Date "1993.??.??"]
[Round "4"]
[White "Pigusov, Evgeny"]
[Black "Yakovich, Yuri"]
[Result "1/2-1/2"]
[WhiteElo "2575"]
[BlackElo "2510"]

1.Nf3 d5 2.g3 Bg4 3.Bg2 Nd7 4.c4 c6 5.Qb3 Nc5 6.Qc2 e6 7.O-O Nf6 8.d3 Be7
9.b3 O-O 10.Bb2 a5 11.Nbd2 Qb6 12.a3 Rfd8 13.h3 Bh5 14.g4 Bg6 15.Ne5 Ncd7
16.Nxg6 hxg6 17.d4 g5 18.e3 Nf8 19.c5 Qc7 20.b4 N6d7 21.Bc3 axb4 22.axb4 e5
23.dxe5  1/2-1/2

[Event "St Petersburg zt"]
[Site "St Petersburg"]
[Date "1993.??.??"]
[Round "8"]
[White "Pigusov, Evgeny"]
[Black "Sveshnikov, Evgeny"]
[Result "1/2-1/2"]
[WhiteElo "2575"]
[BlackElo "2555"]

1.Nf3 d5 2.g3 Nf6 3.Bg2 c6 4.O-O Bf5 5.b3 e6 6.Bb2 Bd6 7.d3 O-O 8.Nbd2 Qe7
9.e4 dxe4 10.dxe4 Nxe4 11.Nd4 Nxd2 12.Nxf5 exf5 13.Qxd2 Be5 14.Bxe5 Qxe5
15.Rfe1 Qc5 16.b4 Qb6 17.Rab1 a5 18.bxa5 Qxa5 19.Qxa5 Rxa5 20.Rxb7 Rxa2 21.Bf1 c5
22.Bb5 Rb2 23.c4 Ra2 24.Be8 Ra8 25.Ree7 Kh8 26.h4 g6 27.Kg2 Na6 28.Bxf7 Rab8
29.h5 Rxb7 30.Rxb7 gxh5 31.Bxh5 f4 32.g4 Nb4 33.Bf7 Kg7 34.Bd5+ Kf6 35.Rxh7 Nxd5
36.cxd5 Ke5 37.Kf3 Kxd5 38.g5 Ke5 39.Kg4 f3 40.Re7+ Kd4 41.g6 c4 42.g7 Rg8
43.Kxf3 Kd5 44.Ke3 Kd6 45.Ra7 Ke5 46.Kd2 Kf6 47.Kc3 Rxg7  1/2-1/2

[Event "Stockholm op"]
[Site "Stockholm"]
[Date "1993.??.??"]
[Round "?"]
[White "Poley, Vladimir"]
[Black "Ornstein, Axel"]
[Result "1-0"]
[WhiteElo "2360"]
[BlackElo "2440"]

1.g3 d5 2.Nf3 Nf6 3.Bg2 Bg4 4.Ne5 Bh5 5.c4 c6 6.cxd5 cxd5 7.Qa4+ Nbd7 8.Nc3 e6
9.g4 Bg6 10.h4 Bd6 11.Nxd7 Qxd7 12.Qxd7+ Kxd7 13.h5 Bc2 14.g5 Ne4 15.Nxe4 Bxe4
16.Bxe4 dxe4 17.Rh4 Be7 18.Rxe4 Bxg5 19.d3 Bf6 20.Rb4 b6 21.Be3 Rhc8 22.Kd1 Rc6
23.a4 a5 24.Rb5 Bd8 25.Ra3 Kc7 26.Rc3 Kb7 27.Bd4 g6 28.e4 Rac8 29.Kd2 R8c7
30.Rcb3 Rd7 31.Be3 Ka6 32.Rc3 Kb7 33.h6 f5 34.Ke2 Rxc3 35.bxc3 fxe4 36.dxe4 Rd6
37.Bd4 Rc6 38.Kd3 Be7 39.Rb1 Bf8 40.Bg7 Bc5 41.f4 Bd6 42.Rf1 Bc5 43.Be5 Bf8
44.Rg1 Rc8 45.Rh1 Kc6 46.Bd4 Rc7 47.Kc4 Rb7 48.Be5 Rd7 49.Bd4 Rb7 50.Be5 Rd7
51.Bd4 Bd6 52.Be3 Rf7 53.Rb1 Bxf4 54.Rxb6+ Kc7 55.Bc5 Bxh6 56.Rxe6 Bd2 57.Ra6 Rf3
58.Bd4 g5 59.Ra7+ Kc6 60.Rxh7 g4 61.Rg7 g3 62.Rg6+ Kd7 63.e5 Bf4 64.Kd5 Rf1
65.e6+ Kd8 66.Rg8+ Ke7 67.Bc5+ Kf6 68.e7 Rd1+ 69.Kc6  1-0

[Event "SWE-chT 9394"]
[Site "SWE"]
[Date "1993.??.??"]
[Round "2"]
[White "Carlhammar, Magnus"]
[Black "Berkell, Peder"]
[Result "1/2-1/2"]
[WhiteElo "2325"]
[BlackElo "2315"]

1.Nf3 d5 2.g3 Nf6 3.Bg2 c6 4.O-O Bf5 5.b3 e6 6.Bb2 h6 7.d3 Be7 8.Nbd2 O-O
9.Qe1 a5 10.a3 Bh7 11.e4 Na6 12.Qe2 b5 13.Ne5 Rc8 14.Kh1 Nc5 15.f4 Ncd7 16.Nxd7 Nxd7
17.a4 dxe4 18.Nxe4 Bf5 19.Bc3 b4 20.Bb2 Nb6 21.g4 Bxe4 22.dxe4 Bc5 23.Rad1 Qe7
24.c4 Rfd8 25.e5 Qh4 26.Bf3 g6 27.Kg2 Kh7 28.h3 Rxd1 29.Rxd1 Rd8 30.Rxd8 Qxd8
31.Bxc6 f5 32.exf6 Qd6 33.Be4 Qxf4 34.Be5 Qc1 35.Bh2 Qc3 36.Qd3 Qxf6 37.Bg1 Qb2+
38.Qc2 Qxc2+ 39.Bxc2 Bxg1 40.Kxg1 Nd7 41.Kf2 Nc5  1/2-1/2

[Event "SWZ-chT"]
[Site "?"]
[Date "1993.??.??"]
[Round "?"]
[White "Hug, Werner"]
[Black "Ekstroem, Roland"]
[Result "1/2-1/2"]
[WhiteElo "2430"]
[BlackElo "2420"]

1.Nf3 d5 2.g3 Nf6 3.Bg2 c6 4.O-O Bg4 5.d4 Nbd7 6.Nbd2 e6 7.Re1 Be7 8.e4 dxe4
9.Nxe4 O-O 10.c3 Qb6 11.Ned2 Nd5 12.Qb3 h6 13.Nc4 Qc7 14.a4 Bf5 15.a5 b5
16.axb6  1/2-1/2

[Event "SWZ-chT"]
[Site "?"]
[Date "1993.??.??"]
[Round "?"]
[White "Brunner, Lucas"]
[Black "Schmidt Schaeffer, Sebastian"]
[Result "1/2-1/2"]
[WhiteElo "2455"]
[BlackElo "2275"]

1.Nf3 d5 2.g3 Nf6 3.Bg2 e6 4.O-O Be7 5.c4 O-O 6.b3 c5 7.e3 Nc6 8.Bb2 b6 9.Nc3 Bb7
10.cxd5 Nxd5 11.Nxd5 Qxd5 12.d4 Rad8 13.Ne5 Qd6 14.Nxc6 Bxc6 15.Qg4 cxd4
16.Bxd4 g6 17.Bxc6 Qxc6 18.Rac1 Qd6 19.Rfd1 Qb8 20.h4 Rd5 21.Rc6 Rfd8 22.Rdc1 h5
23.Qe4 Bd6 24.Kg2 Qb7 25.R6c2 Kh7 26.Qf3 Rd7 27.Kg1 e5 28.Bb2 Bc5 29.Qe2 e4
30.Qc4 Rf5 31.b4 Bd6 32.Kg2 Be5 33.Bxe5 Rxe5 34.b5 Qd5 35.a4 Qxc4 36.Rxc4 Kg7
37.Rc7 Red5 38.R1c4 f5 39.R4c6 Kf7 40.Rc8 Rd2 41.Rh8 Kg7 42.Re8 Ra2 43.Ree6 Rdd2
44.Rxg6+ Kh7 45.Rh6+ Kg7 46.Rcg6+ Kf7 47.Rf6+ Kg7 48.Rhg6+ Kh7  1/2-1/2

[Event "SWZ-chT"]
[Site "?"]
[Date "1993.??.??"]
[Round "?"]
[White "Hug, Werner"]
[Black "Ammann, Philipp"]
[Result "1-0"]
[WhiteElo "2430"]
[BlackElo "2250"]

1.Nf3 d5 2.g3 Nf6 3.Bg2 c6 4.O-O Bf5 5.d3 Nbd7 6.c4 e6 7.Nc3 Be7 8.Be3 O-O
9.h3 Qb8 10.Nh4 Bg6 11.Nxg6 hxg6 12.Qb3 Bc5 13.d4 Bd6 14.Rad1 Nh5 15.Bd2 Nhf6
16.e4 dxe4 17.Nxe4 Nxe4 18.Bxe4 Nf6 19.Bg2 e5 20.Be3 exd4 21.Bxd4 Re8 22.Rfe1 Rxe1+
23.Rxe1 Qc7 24.Qc3 Be7 25.a3 a6 26.Qb3 Re8 27.Bb6 Qc8 28.Rd1 Nd7 29.Be3 Bf6
30.Qc2 Nf8 31.b4 Ne6 32.h4 Rd8 33.Bh3 Rxd1+ 34.Qxd1 Qd8 35.Qxd8+ Bxd8 36.a4 Be7
37.Bxe6 fxe6 38.b5 axb5 39.cxb5 cxb5 40.axb5 e5 41.Kg2 Kf7 42.Kf3 Ke6 43.Ke4 Bb4
44.Ba7 Bd6 45.f3 Ba3 46.Bf2 Bb4 47.g4 Ba5 48.Bg3 Bc3 49.Kd3 Ba5 50.Ke4 Bc3
51.Bh2 Bb2 52.Bg1 Ba3 53.Bb6 Bb4 54.Bf2 Ba5 55.Bc5 Be1 56.h5 gxh5 57.gxh5 Bd2
58.Bf8 Bh6 59.Bb4 Bg5 60.Ba3 Bf4 61.Bc5 Bc1 62.Bf2 Bf4 63.Bg1 Bc1 64.Bh2 Bb2
65.Bg3 Bc3 66.Bf2 Bb2 67.Be3 Ba3 68.Bd2 Bb2 69.Bg5 Ba3 70.Be3 Bb4 71.f4 exf4
72.Bd4 Bf8 73.Kxf4 Kd5 74.Bb2 Kc4 75.b6 Kb5 76.Kf5 Kxb6 77.Kg6 Bb4 78.Bxg7 Bd2
79.Bh6 Bc3 80.Bg5 Kc6 81.h6 b5 82.h7 b4 83.Bf6  1-0

[Event "Szekszard op"]
[Site "Szekszard"]
[Date "1993.??.??"]
[Round "6"]
[White "Gyorkos, Lajos"]
[Black "Videki, Sandor"]
[Result "1/2-1/2"]
[WhiteElo "2435"]
[BlackElo "2415"]

1.Nf3 d5 2.g3 c6 3.Bg2 Bg4 4.d3 Nd7 5.c4 e6 6.Nbd2 Bd6 7.b3 Ne7 8.Bb2 O-O
9.O-O a5 10.a3 Bh5 11.Qc2  1/2-1/2

[Event "Tbilisi zt (Women)"]
[Site "Tbilisi"]
[Date "1993.??.??"]
[Round "8"]
[White "Gurieli, Nino"]
[Black "Airapetian, SH."]
[Result "0-1"]
[WhiteElo "2365"]
[BlackElo "2065"]

1.Nf3 d5 2.g3 c5 3.Bg2 Nc6 4.O-O Nf6 5.d3 e5 6.e4 d4 7.a4 Bd6 8.Na3 O-O 9.Nc4 Bc7
10.c3 Be6 11.cxd4 Bxc4 12.dxc4 exd4 13.Ne1 Re8 14.f3 Ne5 15.b3 d3 16.Be3 Ba5
17.Ra2 Qd7 18.h3 Rad8 19.Bd2 Qd4+ 20.Kh2 Bc7 21.f4 Nc6 22.e5 Ne4 23.Nf3 Qd7
24.Be1 f6 25.Nh4 f5 26.Bd2 Nd4 27.Nf3 Ne2 28.Qa1 N4xg3 29.Re1 Nh5 30.Rxe2 dxe2
31.Ng5 Qd4 32.Qxd4 Rxd4 33.Bd5+ Kf8 34.Be1 Nxf4 35.Bh4 Rxe5 36.Nxh7+ Ke8
37.Ra1 Rd1 38.Ra2 e1=Q 39.Bxe1 Rdxe1 40.Bxb7 R5e2+ 41.Rxe2+ Rxe2+ 42.Kg3 Nh5+
43.Kh4 Nf6 44.Nxf6+ gxf6 45.Bf3 Re3 46.Bh5+ Ke7 47.b4 Bg3+  0-1

[Event "Tel Aviv ASA"]
[Site "Tel Aviv"]
[Date "1993.??.??"]
[Round "2"]
[White "Godes, Dmitry R"]
[Black "Temanlis, Yoel"]
[Result "1/2-1/2"]
[WhiteElo "2430"]
[BlackElo "2285"]

1.Nf3 d5 2.g3 Nf6 3.Bg2 c6 4.O-O Bg4 5.d4 Nbd7 6.c4 e6 7.Nc3 dxc4 8.a4 a5
9.Bg5 Qb6 10.Bxf6 Nxf6 11.Ne5 Qxb2 12.Rb1 Qxc3 13.Rxb7 Be7 14.Bxc6+ Kf8 15.Qb1 Bb4
16.Nxg4 Nxg4 17.Qe4 Nf6 18.Qf4 Rc8 19.Rb8 Ke7 20.Rb7+ Kf8 21.Rb8 Ke7  1/2-1/2

[Event "Tel Aviv ASA"]
[Site "Tel Aviv"]
[Date "1993.??.??"]
[Round "8"]
[White "Godes, Dmitry R"]
[Black "Penzias, Mordechai"]
[Result "1-0"]
[WhiteElo "2430"]
[BlackElo "2210"]

1.Nf3 d5 2.g3 c6 3.Bg2 Bg4 4.O-O Nd7 5.b3 e5 6.Bb2 Bd6 7.c4 Ngf6 8.cxd5 cxd5
9.d4 e4 10.Ne5 O-O 11.f4 exf3 12.exf3 Bf5 13.g4 Bxb1 14.Rxb1 Re8 15.g5 Nxe5
16.dxe5 Bc5+ 17.Kh1 Nh5 18.f4 g6 19.Bxd5 Qd7 20.f5 Red8 21.Bc4 Qc6+ 22.Qf3 Qxf3+
23.Rxf3 Bd4 24.fxg6 hxg6 25.Rxf7 b5 26.Be6 Ng7 27.Rf6+ Nxe6 28.Rxe6 Kf7 29.Rf6+ Kg7
30.e6 Bxb2 31.Rxb2 Rd5 32.Rf7+ Kg8 33.Rbf2 Rxg5 34.e7 Rf5 35.R7xf5 gxf5 36.Rxf5 Re8
37.Rf8+ Rxf8 38.exf8=Q+ Kxf8 39.Kg2 Kf7 40.Kf3 Kf6 41.Ke4  1-0

[Event "Tilburg"]
[Site "Tilburg"]
[Date "1993.??.??"]
[Round "1"]
[White "Vaganian, Rafael A"]
[Black "Bronstein, David I"]
[Result "1-0"]
[WhiteElo "2615"]
[BlackElo "2395"]

1.Nf3 d5 2.g3 c6 3.Bg2 Bg4 4.O-O Nd7 5.d3 Bxf3 6.Bxf3 h5 7.Nd2 h4 8.e4 hxg3
9.hxg3 Ngf6 10.exd5 cxd5 11.Qe2 e6 12.c4 Be7 13.b3 Nb6 14.Bb2 Qd7 15.Kg2 Rh7
16.Rh1 Rxh1 17.Rxh1 O-O-O 18.Be5 Qc6 19.Rc1 Nbd7 20.Bb2 Kb8 21.cxd5 Qa6 22.Nc4 Ka8
23.dxe6 fxe6 24.Re1 Nf8 25.Qe5 Bb4 26.Qc7 Rb8 27.Bxf6 gxf6 28.Re2 Qb5 29.a3 Qc5
30.Qf4 Bc3 31.b4  1-0

[Event "Tilburg"]
[Site "Tilburg"]
[Date "1993.??.??"]
[Round "1"]
[White "Vladimirov, Evgeny"]
[Black "Kharlov, Andrei"]
[Result "1-0"]
[WhiteElo "2585"]
[BlackElo "2535"]

1.Nf3 d5 2.g3 Bg4 3.Bg2 Nd7 4.c4 c6 5.cxd5 cxd5 6.O-O e6 7.Qb3 Nc5 8.Qb5+ Qd7
9.Nc3 a6 10.Qxd7+ Nxd7 11.d3 Ne7 12.Nd4 Nc6 13.Nxc6 bxc6 14.d4 Bd6 15.e4 O-O
16.h3 Bh5 17.g4 Bg6 18.f4 Bxe4 19.Nxe4 dxe4 20.Bxe4 Rfc8 21.Bd2 Nf6 22.Bg2 Rab8
23.b3 Bb4 24.Rad1 h5 25.f5 exf5 26.Rxf5 hxg4 27.hxg4 Bxd2 28.Rxd2 Nxg4 29.Rc5 Nf6
30.Rdc2 Rd8 31.Rxc6 Rxd4 32.Rxa6 Ng4 33.Bf3 f5 34.Rc7 Ne5 35.Be2 Rd7 36.Rxd7 Nxd7
37.Rd6 Nc5 38.Rd5 Ne4 39.Rxf5 Nc3 40.Bc4+ Kh7 41.a4 Kh6 42.a5 Ne4 43.Rd5 Nf6
44.Rd1 Kg5 45.a6 Kf4 46.a7 Ra8 47.Ra1 Ke5 48.Bf1  1-0

[Event "Tilburg"]
[Site "Tilburg"]
[Date "1993.??.??"]
[Round "3"]
[White "Malaniuk, Vladimir P"]
[Black "Dreev, Alexey"]
[Result "0-1"]
[WhiteElo "2635"]
[BlackElo "2570"]

1.Nf3 d5 2.g3 c6 3.Bg2 Bg4 4.O-O Nd7 5.d4 e6 6.Nbd2 Ngf6 7.c4 Be7 8.b3 O-O
9.Bb2 a5 10.a3 h6 11.Re1 Bf5 12.Ne5 Nxe5 13.dxe5 Nd7 14.cxd5 cxd5 15.Bd4 Nc5
16.Qc1 Rc8 17.Qb2 Qd7 18.Rec1 b5 19.Be3 Rfd8 20.Nf3 a4 21.Nd4 Nxb3 22.Nxb3 axb3
23.Qxb3 Rc4 24.Bd2 Rdc8 25.e3 Qc7 26.Bf1 Qxe5 27.Qxb5 Rc2 28.a4 Bf8 29.Rxc2 Rxc2
30.Rd1 Bg4 31.Be2 Rb2 32.Qd3 Bxe2 33.Qxe2 Bb4 34.Qd3 Qf6 35.Kg2 g5 36.g4 Ra2
37.h3 Kg7 38.Kf1 Qb2 39.Ke1 Rxa4 40.Bxb4 Qxb4+ 41.Kf1 h5 42.Rb1 Qc4 43.Qxc4 Rxc4
44.gxh5 Rh4 45.Kg2 Rxh5 46.Rb7 Rh4 47.Rd7 Kg6 48.Kg3 Re4 49.Rd8 Kf5 50.Rd7 f6
51.Rd8 Ra4 52.Rd7 Ke5 53.Rg7 Ke4 54.Kg2 Rc4 55.Rh7 Ke5 56.Rg7 Rh4 57.Kg3 Rh6
58.Kg2 Ke4 59.Rg8 e5 60.Rd8 d4 61.exd4 exd4 62.Rd6 Kd3 63.f3 Ke3 64.Re6+ Kd2
65.Kf2 d3 66.Rc6 Rxh3 67.Rxf6 Rh2+ 68.Kg3 Re2  0-1

[Event "Tilburg"]
[Site "Tilburg"]
[Date "1993.??.??"]
[Round "4"]
[White "Vaganian, Rafael A"]
[Black "Dreev, Alexey"]
[Result "1/2-1/2"]
[WhiteElo "2615"]
[BlackElo "2570"]

1.Nf3 d5 2.g3 c6 3.Bg2 Bg4 4.c4 e6 5.cxd5 Bxf3 6.Bxf3 cxd5 7.O-O Nc6 8.d3 Nf6
9.Nc3 Bc5 10.Bd2 a6 11.Rc1 Ba7 12.e4 dxe4 13.Nxe4 O-O 14.Nxf6+ Qxf6 15.Bxc6 bxc6
16.Rxc6 Qxb2 17.Bc3 Qb5 18.Qg4 e5 19.Rc7 Bb6 20.a4 Qxd3 21.Bxe5 Qg6 22.Qxg6 hxg6
23.Rc6 Ba5 24.Bc7 Bxc7 25.Rxc7 Rfd8 26.Rfc1 Rd4 27.R1c4 Rad8 28.h4 Rxc4 29.Rxc4 Rd1+
30.Kg2 Ra1 31.Kf3 Ra2 32.Ke3 Kf8 33.Re4 a5 34.f3 Ra3+ 35.Kf4 Rc3 36.g4  1/2-1/2

[Event "Tilburg rapid20"]
[Site "Tilburg"]
[Date "1993.??.??"]
[Round "4"]
[White "Vaganian, Rafael A"]
[Black "Dreev, Alexey"]
[Result "1-0"]
[WhiteElo "2615"]
[BlackElo "2570"]

1.Nf3 d5 2.g3 c6 3.Bg2 Nf6 4.O-O Bf5 5.d3 Nbd7 6.Nbd2 e6 7.Qe1 h6 8.e4 Bh7
9.Qe2 Qc7 10.b3 dxe4 11.dxe4 Nc5 12.Nd4 Be7 13.Bb2 O-O 14.f4 a5 15.Kh1 a4
16.f5 exf5 17.Nxf5 Bxf5 18.Rxf5 Ne6 19.Nc4 axb3 20.cxb3 Rad8 21.Rff1 Nd4
22.Qf2 Bc5 23.e5 Ng4 24.Qf4 b5 25.b4 Ba7 26.Nd6 Nxe5 27.Nf5 Nxf5 28.Bxe5 Nd6
29.Rac1 Bb8 30.Bxc6 Qa7 31.Bd5 Qe7 32.Rfe1 Qd7 33.Bc6 Qh3 34.Rcd1  1-0

[Event "Turku op"]
[Site "Turku"]
[Date "1993.??.??"]
[Round "?"]
[White "Jouhki, Yrjo Markus"]
[Black "Tyni, Jukka Pekka"]
[Result "1-0"]
[WhiteElo "2230"]
[BlackElo "2265"]

1.Nf3 d5 2.g3 c5 3.Bg2 Nf6 4.O-O g6 5.d3 Bg7 6.Nbd2 O-O 7.e4 dxe4 8.dxe4 Nc6
9.Re1 h6 10.c3 Be6 11.Qe2 Qd7 12.e5 Ng4 13.Ne4 b6 14.Bf4 g5 15.Rad1 Qc8 16.Nexg5 hxg5
17.Nxg5 Ngxe5 18.Bxe5 Nxe5 19.Nxe6 Qxe6 20.f4 Nc4 21.Qh5 Qf6 22.Bxa8 Nxb2
23.Be4 Rc8 24.Rd7 Qxc3 25.Bh7+ Kf8 26.Rexe7 Bd4+ 27.Kg2  1-0

[Event "Vantaa We EtVaS"]
[Site "Vantaa"]
[Date "1993.??.??"]
[Round "?"]
[White "Sepp, Olav"]
[Black "Kiik, Kalle"]
[Result "0-1"]
[WhiteElo "2390"]
[BlackElo "2365"]

1.Nf3 d5 2.g3 c5 3.Bg2 Nc6 4.O-O Nf6 5.d3 Bg4 6.Nbd2 e6 7.e4 Be7 8.h3 Bh5
9.c3 O-O 10.Qe2 Ne8 11.a3 a5 12.a4 Nc7 13.Nb1 f5 14.exf5 exf5 15.Bf4 Bd6
16.Qd2 Bxf4 17.Qxf4 Ne6 18.Qh4 Bxf3 19.Qxd8 Raxd8 20.Bxf3 Ne5 21.Be2 f4 22.Rd1 Ng5
23.Bf1 fxg3 24.fxg3 h5 25.Nd2 Ngf3+ 26.Kg2 h4 27.Be2 Nxd2 28.Rxd2 hxg3 29.Kxg3 Rd6
30.Bg4 Nxg4 31.hxg4 Re6 32.Kg2 Rf4 33.d4 cxd4 34.Rxd4 Rxd4 35.cxd4 Re4 36.Rd1 Rxg4+
37.Kf3 Re4 38.b3 Kh7 39.Rd2 Kg6 40.Rc2 Rxd4 41.Rc5 Rd3+ 42.Kf4 Rxb3 43.Rxa5 Rb4+
44.Ke5 d4 45.Ke4 Kh6 46.Ra8 Kg5 47.a5 g6 48.Rb8 Rb5 49.Ra8 Rb4 50.Rb8 Ra4
51.Rxb7 Rxa5 52.Rb1 Ra3 53.Rg1+ Kh5 54.Kxd4 g5 55.Ke4 g4 56.Rh1+ Kg5 57.Rf1 Kh4
58.Kf4 Kh3 59.Rh1+ Kg2 60.Rb1 g3 61.Rb8 Kh2 62.Rh8+ Kg1 63.Rh3 Kf2  0-1

[Event "EU-ch U18"]
[Site "Vejen"]
[Date "1993.??.??"]
[Round "5"]
[White "Silva, Paulo"]
[Black "Petrov, Jole"]
[Result "0-1"]
[WhiteElo "1950"]
[BlackElo "2360"]

1.Nf3 d5 2.g3 c6 3.Bg2 Nf6 4.d3 Bf5 5.Nbd2 e6 6.O-O h6 7.c3 Bc5 8.Nd4 Bg4
9.N4f3 O-O 10.Qc2 Nbd7 11.e4 Qb6 12.d4 Be7 13.Re1 c5 14.exd5 Nxd5 15.Qb3 Qc7
16.c4 N5f6 17.Ne5 cxd4 18.Nxg4 Nxg4 19.Qxb7 Qxb7 20.Bxb7 Rab8 21.Bg2 Nge5
22.Bf1 Bb4 23.Kg2 Bxd2 24.Bxd2 Rxb2 25.Bc1 Rc2 26.Re4 Nc6 27.Ba3 Rb8 28.Re2 Rxc4
29.Rxe6 Rc3 30.Rd6 Nde5 31.Bc1 Rc2 32.h3 Rd8 33.Ba3 Rxd6 34.Bxd6 Nc4 35.Bxc4 Rxc4
36.Rd1 f6 37.Kf3 Kf7 38.Rd2 Rc3+ 39.Ke2 g6 40.Rb2 Ke6 41.Bf4 h5 42.Kd2 g5
43.Bc7 Ne5 44.Bxe5 fxe5 45.a4 Ra3  0-1

[Event "Vilnius zt"]
[Site "Vilnius"]
[Date "1993.??.??"]
[Round "?"]
[White "Piesina, Gintautas"]
[Black "Fridman, Daniel"]
[Result "0-1"]
[WhiteElo "2395"]
[BlackElo "2380"]

1.Nf3 d5 2.g3 Nf6 3.Bg2 c6 4.O-O Bf5 5.c4 e6 6.d3 dxc4 7.dxc4 Qxd1 8.Rxd1 Bc2
9.Rd2 Bf5 10.Rd1 Bc5 11.Nc3 Nbd7 12.Nh4 O-O-O 13.Nxf5 exf5 14.Na4 Be7 15.Be3 Kb8
16.Rd3 Ng4 17.Bf4+ Kc8 18.Rad1 Nc5 19.Rxd8+ Rxd8 20.Rxd8+ Kxd8 21.Nc3 Ne6
22.Bd2 Bc5 23.e3 Ne5 24.b3 Ng5 25.Na4 Ngf3+ 26.Bxf3 Nxf3+ 27.Kg2 Nxd2 28.Nxc5 Kc7
29.h3 Ne4 30.Nd3 Kd6 31.g4 fxg4 32.hxg4 Nc5 33.Nc1 a5 34.f4 a4 35.Kf3 a3
36.e4 f6 37.Ke3 Na6 38.Nd3 c5 39.e5+ fxe5 40.fxe5+ Ke6 41.Kf4 b6 42.g5 Nb4
43.Ne1 h6 44.g6 h5 45.Ke4 h4 46.Ng2 Nxa2 47.Nf4+ Kd7 48.e6+ Kd6 49.Kf5 Nb4  0-1

[Event "Warsaw op"]
[Site "Warsaw"]
[Date "1993.??.??"]
[Round "3"]
[White "Bojczuk, Zygmunt"]
[Black "Tarasova, Oksana"]
[Result "0-1"]
[WhiteElo "2325"]
[BlackElo "2110"]

1.Nf3 d5 2.g3 c5 3.Bg2 Nc6 4.O-O g6 5.c4 Nf6 6.cxd5 Nxd5 7.Nc3 Nc7 8.d3 Bg7
9.Qa4 Bd7 10.Qh4 h6 11.Be3 Ne6 12.Rac1 Rc8 13.b3 Bf6 14.Qc4 Na5 15.Qe4 Bc6
16.Qg4 h5 17.Qh3 Bd7 18.Ne4 Nf4 19.Nxf6+ exf6 20.gxf4 Bxh3 21.Bxh3 Rc7 22.Bxc5 g5
23.fxg5 fxg5 24.Bf5 g4 25.Nd2 b6 26.Ba3 Rh6 27.Be4 h4 28.Rxc7 Qxc7 29.Rc1 Nc6
30.Nc4 f5 31.Nd6+ Rxd6 32.Bxd6 Qxd6 33.Bxc6+ Ke7 34.Bg2 f4 35.Be4 f3 36.exf3 gxf3
37.Re1 Qe6 38.Kh1 Kd6 39.Rg1 Qh3 40.d4 b5 41.a4 bxa4 42.bxa4 a5 43.Rg6+ Kc7
44.Bd3 Qc8  0-1

[Event "Wattens op"]
[Site "Wattens"]
[Date "1993.??.??"]
[Round "?"]
[White "Kupfner, Franz"]
[Black "Mueller, Georg"]
[Result "1/2-1/2"]
[WhiteElo "2100"]
[BlackElo "1920"]

1.Nf3 d5 2.g3 c6 3.Bg2 Nf6 4.b3 Bf5 5.Bb2 e6 6.d3 h6 7.Nbd2 Nbd7 8.O-O Be7
9.c4 O-O 10.a3 a5 11.h3 Bh7 12.Rc1 Re8 13.Rc2 Nc5 14.Re1 Qb6 15.Bd4 Rac8
16.Qa1 Qd8 17.cxd5 cxd5 18.Rec1 b6 19.Ne5 Bf8 20.Bf1 Nfd7 21.b4 axb4 22.axb4 Ra8
23.Qb1 Nxe5 24.Bxe5 Nd7 25.Bd4 e5 26.Ba1 Ra4 27.Rb2 Qe7 28.Bg2 Rea8 29.Nb3 e4
30.dxe4 dxe4 31.e3 Ne5 32.Rd2 Nf3+ 33.Bxf3 exf3 34.Qb2 Rxb4 35.Rcd1 Qe6 36.Rd8 Rxa1
37.Qxa1 Be4 38.Kh2 Rxb3 39.Qd4 Bc2 40.Rc1 Rd3  1/2-1/2

[Event "Wattens op"]
[Site "Wattens"]
[Date "1993.??.??"]
[Round "?"]
[White "Wach, Markus"]
[Black "Thoeny, Hermann"]
[Result "1-0"]
[WhiteElo "2345"]
[BlackElo "2070"]

1.Nf3 d5 2.g3 e6 3.Bg2 c5 4.O-O Nc6 5.d3 Nf6 6.Nbd2 Be7 7.e4 b6 8.Re1 Bb7
9.e5 Nd7 10.h4 h6 11.h5 Qc7 12.Qe2 O-O-O 13.a3 Rdg8 14.c4 Nd8 15.d4 g6 16.dxc5 bxc5
17.cxd5 exd5 18.b4 Ne6 19.Nb3 c4 20.Nbd4 gxh5 21.Nf5 Bf8 22.Bb2 Kb8 23.Red1 Nb6
24.Rac1 Rg4 25.Ne3 Rg6 26.Nh4 Rg5 27.Kh2 d4 28.Nxc4 Nxc4 29.Bxb7 Rxe5 30.Qxc4 Qxc4
31.Rxc4 Kxb7 32.Bxd4 Rd5 33.Nf3 Rg8 34.Rdc1 Bd6 35.Be3 Rg6 36.R1c3 Ng5 37.Nh4 Re6
38.Kg2 Ne4 39.Rb3 Ng5 40.Rd4 Rxd4 41.Bxd4 Bf8 42.Nf5 a6 43.a4 Ne4 44.b5 axb5
45.Rxb5+ Ka8 46.Ne3 Rd6 47.Nd5  1-0

[Event "Werfen op"]
[Site "Werfen"]
[Date "1993.??.??"]
[Round "7"]
[White "Shalamberidze, Akaki"]
[Black "Janovsky, Sergey"]
[Result "1-0"]
[WhiteElo "2330"]
[BlackElo "2445"]

1.Nf3 d5 2.g3 Nf6 3.Bg2 Bf5 4.c4 e6 5.O-O c6 6.cxd5 exd5 7.d3 Bc5 8.Nc3 O-O
9.Nh4 Bg4 10.h3 Be6 11.e4 dxe4 12.dxe4 Qxd1 13.Rxd1 Nbd7 14.Na4 Bb4 15.f4 Nb6
16.Nxb6 Bc5+ 17.Kh2 axb6 18.e5 g5 19.f5 Bb3 20.Bxg5 Bxd1 21.Rxd1 Nd5 22.Bxd5 cxd5
23.a3 d4 24.b4 Rxa3 25.bxc5 bxc5 26.Be7 Ra2+ 27.Kg1 Rc8 28.f6 Re2 29.Nf5 h5
30.Nh6+ Kh7 31.Nxf7 c4 32.Nd6 Ra8 33.f7 Rxe5 34.Ne8 Rf5 35.Rf1 Rxf7 36.Rxf7+ Kg6
37.Rf6+ Kh7 38.Rf7+ Kg6 39.Rf6+ Kh7 40.Nd6 c3 41.Rf7+ Kg6 42.Rf6+ Kh7 43.Rf1 d3
44.Bg5 Ra5 45.Bd2 cxd2 46.Rd1 h4 47.Rxd2 hxg3 48.Rxd3 Ra1+ 49.Kg2 Rb1 50.Kxg3 b5
51.Nf5 b4 52.Nd4 Rc1 53.Ne2 Rc6 54.Rd7+ Kg6 55.Rb7  1-0

[Event "Wohlen op"]
[Site "Wohlen"]
[Date "1993.??.??"]
[Round "4"]
[White "Jurek, Josef"]
[Black "Skomorokhin, Roman"]
[Result "0-1"]
[WhiteElo "2280"]
[BlackElo "2445"]

1.Nf3 d5 2.g3 c6 3.Bg2 Bg4 4.b3 f6 5.d4 Nd7 6.Bb2 e6 7.O-O f5 8.Nbd2 Nh6
9.Ne1 Bd6 10.Nd3 O-O 11.c4 f4 12.Qe1 Qg5 13.e4 f3 14.Bh1 Bh3 15.Nxf3 Qh5
16.Nfe5 Bxe5 17.Nxe5 Nxe5 18.dxe5 Bxf1 19.Kxf1 Qxh2 20.Ke2 Ng4 21.Bf3 Nxf2  0-1